| 000 | 01387nam a2200289 a 4500 | ||
|---|---|---|---|
| 003 | DO-SdBNP | ||
| 005 | 20240306172149.0 | ||
| 007 | ta | ||
| 008 | 230221t19821994sp ||||gr|||| 001 f spa d | ||
| 020 | _a84014268X (Col. Ave Fenix) | ||
| 020 | _a8401423023 (Vol. 168/1) | ||
| 040 |
_aDO-SdBNP _bspa _cBNPHU |
||
| 082 | 4 |
_222 _aCh863.44 _bA432c 1994 |
|
| 100 | 1 |
_aAllende, Isabel, _d1942- _924166 |
|
| 245 | 1 | 3 |
_aLa casa de los espíritus. / _cIsabel Allende. |
| 250 | _a17a. ed. | ||
| 260 |
_aEspaña, Barcelona : _bPlaza & Janés, _c1994 |
||
| 300 |
_a453 p. ; _c18 cm. |
||
| 490 | 0 |
_aAve Fenix ; _v168/1 |
|
| 500 | _aIlustración de la portada: cartel de la película cedido por Lauren Films. | ||
| 505 |
_aCapítulo Primero: Rosa, la bella. _tCapítulo II: Las tres María.-- _tCapítulo III: Clara, clarividente.-- _tCapítulo IV: el tiempo de los espíritus.-- _tCapítulo V: Los amantes.-- _tCapítulo VI: La venganza.-- _tCapítulo VII: Los hermanos.-- _tCapítulo VIII: El conde.-- _tCapítulo IX: La niña Alba.-- _tCapítulo X: La época del estropicio _tCapítulo XI: El despertar _tCapítulo XII: La conspiración.-- _tCapítulo XIII: El terror.-- _tCapítulo XIV: La hora de la verdad.-- _tEpílogo. |
||
| 590 | _aInventariado 2023 / MF | ||
| 650 | 4 |
_aNovela chilena _93163 |
|
| 650 | 4 |
_93164 _aLiteratura chilena |
|
| 910 | _aValidado. Control de calidad MFF | ||
| 942 |
_2ddc _cLBS1 |
||
| 999 |
_c53132 _d53132 |
||